Państwa z dwuczłonowymi nazwami - Statystyki

Ogólne statystyki
  • Ten quiz został rozwiązany 102 razy
  • Średni wynik to 14 z 19
Statystyki odpowiedzi
Lp. Państwo % Poprawnych
5 Korea Południowa
89%
17 Wielka Brytania
89%
8 Nowa Zelandia
88%
6 Korea Północna
87%
1 Arabia Saudyjska
84%
7 Macedonia Północna
80%
15 Sudan Południowy
78%
14 Stany Zjednoczone
77%
3 Gwinea Bissau
75%
4 Gwinea Równikowa
75%
16 Timor Wschodni
73%
11 San Marino
70%
18 Wyspy Marshalla
70%
2 Burkina Faso
67%
19 Wyspy Salomona
65%
13 Sri Lanka
62%
9 Republika Środkowoafrykańska
58%
12 Sierra Leone
57%
10 Saint Lucia
56%
Nie znaleziono quizów pasujących do podanych kryteriów
Rozkład punktacji
Procent ludzi z każdym wynikiem
Percentyl według liczby udzielonych odpowiedzi
Twoja historia wyników
Nie rozwiązałeś tego quizu